000 00659nam a22002057a 4500
003 NUST-PNEC
005 20170114142520.0
008 140505b xxu||||| |||| 00| 0 eng d
020 _a8180522148
040 _cPNEC
082 _a174.4 SAN
100 _981
_aSanjeev, Rinku
245 _aEthics and Values in Business Management
250 _a1st ed.
260 _aNew Dehli
_bANE Books
_cc.2009
300 _axiv, 257 p. :
_bill. :
_c20 cm.
500 _aIncludes Index http://www.amazon.com/Ethics-Values-Business-Management-Sanjeev/dp/8180522148/ref=sr_1_1?s=books&ie=UTF8&qid=1399290181&sr=1-1&keywords=8180522148
650 _xMIS
942 _2ddc
_cBK
999 _c60065
_d60065